[Event "Winnipeg Shpan Memorial"]
[Site "Winnipeg"]
[Date "2011.12.06"]
[Round "6"]
[White "Reimer, Bruce"]
[Black "Lipic, Stephen"]
[Result "1/2-1/2"]
[WhiteElo "1601"]
[BlackElo "1834"]
[PlyCount "75"]
[EventDate "2011.11.01"]
[EventType "swiss"]
[EventRounds "6"]
[EventCountry "CAN"]
[SourceTitle "EXT 2022"]
[Source "ChessBase"]
[SourceDate "2021.10.06"]
[SourceVersion "1"]
[SourceVersionDate "2021.10.06"]
[SourceQuality "1"]

1. c4 c6 2. g3 e6 3. Bg2 d5 4. cxd5 exd5 5. d4 Nf6 6. Nc3 Be7 7. Nf3 0-0 8. 0-0 Nbd7 9. Re1 Re8 10. e4 dxe4 11. Nxe4 Nxe4 12. Rxe4 Nf6 13. Re1 Bg4 14. b3 Qb6 15. Be3 Nd5 16. Qd3 Bf6 17. Ne5 Nxe3 18. Rxe3 Bh5 19. Nd7 Qxd4 20. Nxf6+ Qxf6 21. Rae1 Rxe3 22. Qxe3 Qd6 23. Qe4 Bg6 24. Qe2 Rd8 25. Qe3 f6 26. Qxa7 Qd2 27. Ra1 Qc3 28. Rf1 Bd3 29. Qe3 Qc2 30. Qe7 Ra8 31. Qxb7 Rxa2 32. Qc8+ Kf7 33. Qd7+ Kg6 34. Qg4+ Kh6 35. Qh4+ Kg6 36. Qg4+ Kf7 37. Qd7+ Kg6 38. Qg4+ 1/2-1/2

[Event "Winnipeg MCA Champions"]
[Site "Winnipeg"]
[Date "2011.11.01"]
[Round "1"]
[White "Lipic, Stephen"]
[Black "Boron, Anthony"]
[Result "1/2-1/2"]
[WhiteElo "1843"]
[BlackElo "1960"]
[PlyCount "84"]
[EventDate "2011.11.01"]
[EventType "swiss"]
[EventRounds "6"]
[EventCountry "CAN"]
[SourceTitle "EXT 2019"]
[Source "ChessBase"]
[SourceDate "2018.10.10"]
[SourceVersion "1"]
[SourceVersionDate "2018.10.10"]
[SourceQuality "1"]

1. e4 c6 2. d4 d5 3. e5 c5 4. Nf3 cxd4 5. Qxd4 Nc6 6. Bb5 e6 7. 0-0 Bd7 8. Qg4 Nxe5 9. Bxd7+ Nxd7 10. Nc3 Ngf6 11. Qg3 g6 12. Bg5 Be7 13. Bh6 Qb6 14. Rfe1 Rc8 15. Ne5 Nxe5 16. Qxe5 Qc7 17. Qxc7 Rxc7 18. Bg7 Rxc3 19. bxc3 Rg8 20. Bh6 b6 21. a4 g5 22. h4 Ne4 23. a5 Bc5 24. Rxe4 dxe4 25. Bxg5 Kd7 26. axb6 Bxb6 27. Bf6 Rg4 28. Bd4 Kc6 29. g3 f5 30. Kg2 h5 31. Ra4 a5 32. Rc4+ Kb5 33. Rc8 Bxd4 34. cxd4 a4 35. c4+ Kb6 36. Ra8 f4 37. Rxa4 e3 38. Ra3 e2 39. Ra1 fxg3 40. fxg3 Rxd4 41. Re1 e5 42. Rxe2 e4 1/2-1/2

[Event "Winnipeg TNT October"]
[Site "Winnipeg"]
[Date "2011.10.18"]
[Round "3"]
[White "Lipic, Stephen"]
[Black "Kaptsan, Aron"]
[Result "0-1"]
[WhiteElo "1859"]
[BlackElo "2009"]
[PlyCount "44"]
[EventDate "2011.10.04"]
[EventType "swiss"]
[EventRounds "4"]
[EventCountry "CAN"]
[SourceTitle "EXT 2023"]
[Source "ChessBase"]
[SourceDate "2022.10.05"]
[SourceVersion "1"]
[SourceVersionDate "2022.10.05"]
[SourceQuality "1"]

1. f4 d5 2. g3 c5 3. Bg2 Nc6 4. Nf3 Nf6 5. 0-0 g6 6. d3 Bg7 7. c3 0-0 8. Nbd2 Re8 9. Qc2 e5 10. fxe5 Nxe5 11. Nxe5 Rxe5 12. e4 dxe4 13. Nxe4 Nxe4 14. Bxe4 Bh3 15. Rf2 f5 16. Bg2 Bxg2 17. Kxg2 Qd5+ 18. Rf3 Re1 19. Kf2 Rae8 20. h3 Qe5 21. Re3 Rxe3 22. Bxe3 Qxe3+ 0-1

[Event "Winnipeg TNT September"]
[Site "Winnipeg"]
[Date "2011.09.27"]
[Round "4"]
[White "Campbell, Gary"]
[Black "Lipic, Stephen"]
[Result "0-1"]
[WhiteElo "1729"]
[BlackElo "1847"]
[PlyCount "75"]
[EventDate "2011.09.06"]
[EventType "swiss"]
[EventRounds "4"]
[EventCountry "CAN"]
[SourceTitle "EXT 2023"]
[Source "ChessBase"]
[SourceDate "2022.10.05"]
[SourceVersion "1"]
[SourceVersionDate "2022.10.05"]
[SourceQuality "1"]

1. d4 d5 2. c4 e6 3. Nc3 c6 4. Nf3 f5 5. e3 Nf6 6. cxd5 exd5 7. Bd3 Bd6 8. Qc2 Ne4 9. 0-0 0-0 10. Nd2 Qh4 11. g3 Qh3 12. Ne2 Rf6 13. Nf4 Bxf4 14. exf4 Rh6 15. Nf3 Nd7 16. Re1 Ndf6 17. Bf1 Qh5 18. Nh4 Bd7 19. Be2 Qf7 20. f3 Rxh4 21. fxe4 Qg6 22. e5 Ne4 23. Bf3 Re8 24. Qg2 Rh6 25. Bxe4 fxe4 26. f5 Bxf5 27. Bxh6 Qxh6 28. g4 Bg6 29. Qg3 Qd2 30. Qc3 Qf4 31. h3 h5 32. Qe3 Qf7 33. Rf1 Qe7 34. g5 h4 35. Rf2 Bh5 36. Qf4 Qb4 37. Qxh4 Bf3 38. Rd2 0-1

[Event "Winnipeg TNT August op"]
[Site "Winnipeg"]
[Date "2011.08.16"]
[Round "2"]
[White "Lipic, Stephen"]
[Black "Swift, Ryne"]
[Result "1/2-1/2"]
[WhiteElo "1851"]
[BlackElo "1768"]
[PlyCount "32"]
[EventDate "2011.08.09"]
[EventType "swiss"]
[EventRounds "4"]
[EventCountry "CAN"]
[SourceTitle "EXT 2022"]
[Source "ChessBase"]
[SourceDate "2021.10.06"]
[SourceVersion "1"]
[SourceVersionDate "2021.10.06"]
[SourceQuality "1"]

1. e4 e5 2. Nf3 Nc6 3. Bc4 Bc5 4. 0-0 Nf6 5. c3 0-0 6. d4 exd4 7. cxd4 Bb6 8. Bg5 d6 9. Nc3 h6 10. Bh4 Bg4 11. Nd5 g5 12. Bg3 Nxe4 13. Nxb6 axb6 14. Qd3 Bxf3 15. Qxf3 Nd2 16. Qd3 Nxf1 1/2-1/2

[Event "Yanofsky Memorial op 9th"]
[Site "Winnipeg"]
[Date "2011.08.06"]
[Round "2"]
[White "Zaczek, Jonathon"]
[Black "Lipic, Stephen"]
[Result "1-0"]
[WhiteElo "2111"]
[BlackElo "1848"]
[PlyCount "101"]
[EventDate "2011.08.07"]
[EventType "swiss"]
[EventRounds "5"]
[EventCountry "CAN"]
[SourceTitle "EXT 2019"]
[Source "ChessBase"]
[SourceDate "2018.10.10"]
[SourceVersion "1"]
[SourceVersionDate "2018.10.10"]
[SourceQuality "1"]

1. e4 c6 2. d4 Na6 3. Nf3 Nc7 4. Bd3 d5 5. Nc3 Bg4 6. h3 Bxf3 7. Qxf3 g6 8. Bf4 Ne6 9. Be5 f6 10. exd5 cxd5 11. Bg3 Nxd4 12. Qxd5 Qxd5 13. Nxd5 Rd8 14. Nc7+ Kf7 15. 0-0-0 e5 16. Bc4+ Kg7 17. Rxd4 Rxd4 18. Ne6+ Kh6 19. Nxd4 exd4 20. Re1 Ne7 21. Re6 Nf5 22. Bf4+ Kg7 23. Bd5 b5 24. Rc6 g5 25. Bh2 Be7 26. Rc7 Rd8 27. Be6 d3 28. Bxf5 d2+ 29. Kd1 Kf8 30. Bxh7 a5 31. Bd3 b4 32. Kxd2 a4 33. Rb7 b3 34. axb3 axb3 35. Rxb3 g4 36. hxg4 Kg7 37. Rb7 Kh6 38. Bf4+ Kg7 39. Rxe7+ Kg8 40. Ke3 f5 41. Bc4+ Kf8 42. Bh6+ Kxe7 43. Bg5+ Kd6 44. Bxd8 Ke5 45. Bc7+ Kf6 46. Kf4 Kg6 47. gxf5+ Kh5 48. Be5 Kh4 49. Bg7 Kh5 50. Bf7+ Kh4 51. Bf6# 1-0

[Event "Winnipeg TNT June op"]
[Site "Winnipeg"]
[Date "2011.06.07"]
[Round "1"]
[White "Lipic, Stephen"]
[Black "Milward, Dave"]
[Result "0-1"]
[WhiteElo "1876"]
[BlackElo "1682"]
[PlyCount "58"]
[EventDate "2011.06.07"]
[EventType "swiss"]
[EventRounds "4"]
[EventCountry "CAN"]
[SourceTitle "EXT 2022"]
[Source "ChessBase"]
[SourceDate "2021.10.06"]
[SourceVersion "1"]
[SourceVersionDate "2021.10.06"]
[SourceQuality "1"]

1. e4 c5 2. f4 e6 3. Nf3 Nc6 4. b3 d6 5. Bb2 Qc7 6. Bb5 Bd7 7. Bxc6 Bxc6 8. d3 Nf6 9. 0-0 Be7 10. Qe1 0-0-0 11. a3 h5 12. b4 d5 13. Ne5 Rdf8 14. Nc3 d4 15. Ne2 Ng4 16. Nc4 g5 17. h3 gxf4 18. hxg4 f3 19. gxf3 hxg4 20. Qg3 Qd8 21. fxg4 f5 22. Ne5 Rh4 23. Nf4 Rg8 24. Nfg6 Rxg6 25. Nxg6 Rxg4 26. Qxg4 fxg4 27. Rf7 Bd6 28. Raf1 Qg5 29. R7f6 Qe3+ 0-1

[Event "Winnipeg TNT May op"]
[Site "Winnipeg"]
[Date "2011.05.24"]
[Round "4"]
[White "Kaptsan, Aron"]
[Black "Lipic, Stephen"]
[Result "1/2-1/2"]
[WhiteElo "2002"]
[BlackElo "1869"]
[PlyCount "70"]
[EventDate "2011.05.03"]
[EventType "swiss"]
[EventRounds "5"]
[EventCountry "CAN"]
[SourceTitle "EXT 2022"]
[Source "ChessBase"]
[SourceDate "2021.10.06"]
[SourceVersion "1"]
[SourceVersionDate "2021.10.06"]
[SourceQuality "1"]

1. d4 d5 2. c4 e6 3. Nc3 c6 4. e4 dxe4 5. Nxe4 Nf6 6. Nxf6+ Qxf6 7. Nf3 h6 8. Bd3 Bd6 9. 0-0 0-0 10. Re1 Nd7 11. c5 Bc7 12. Qe2 Re8 13. Ne5 Nf8 14. Qe4 Rd8 15. Re3 Bd7 16. Rf3 Qe7 17. Rxf7 Qe8 18. Rf3 Qh5 19. Bd2 Bxe5 20. dxe5 Be8 21. Qe3 Rd5 22. Bc3 Rad8 23. Be2 Qh4 24. Rh3 Qe7 25. b4 Qc7 26. f4 Bg6 27. Bc4 Rd1+ 28. Rxd1 Rxd1+ 29. Kf2 Qd7 30. Qf3 Rc1 31. Bb3 Bb1 32. Bb2 Qd2+ 33. Qe2 Qxf4+ 34. Rf3 Qh4+ 35. Rg3 Qf4+ 1/2-1/2

[Event "Winnipeg TNT May op"]
[Site "Winnipeg"]
[Date "2011.05.10"]
[Round "2"]
[White "Lipic, Stephen"]
[Black "Leaden, Bruce"]
[Result "1-0"]
[WhiteElo "1869"]
[BlackElo "1400"]
[PlyCount "51"]
[EventDate "2011.05.03"]
[EventType "swiss"]
[EventRounds "5"]
[EventCountry "CAN"]
[SourceTitle "EXT 2022"]
[Source "ChessBase"]
[SourceDate "2021.10.06"]
[SourceVersion "1"]
[SourceVersionDate "2021.10.06"]
[SourceQuality "1"]

1. e4 e5 2. Nf3 Nc6 3. Nc3 d6 4. Bc4 Bg4 5. h3 Bh5 6. d3 Nf6 7. Bg5 Be7 8. Bxf6 Bxf3 9. Bxe7 Bxd1 10. Bxd8 Rxd8 11. Nxd1 0-0 12. Ne3 a6 13. a4 Ne7 14. g4 Ng6 15. 0-0-0 Nf4 16. h4 c6 17. g5 d5 18. exd5 cxd5 19. Bb3 b5 20. axb5 axb5 21. Rde1 d4 22. Ng4 Ng6 23. h5 Ne7 24. Nxe5 Nd5 25. g6 fxg6 26. Nc6 1-0

[Event "Winnipeg TNT March op"]
[Site "Winnipeg"]
[Date "2011.03.01"]
[Round "1"]
[White "Lipic, Stephen"]
[Black "Murphy, Brent"]
[Result "1-0"]
[WhiteElo "1835"]
[BlackElo "1698"]
[PlyCount "47"]
[EventDate "2011.03.01"]
[EventType "swiss"]
[EventRounds "5"]
[EventCountry "CAN"]
[SourceTitle "EXT 2022"]
[Source "ChessBase"]
[SourceDate "2021.10.06"]
[SourceVersion "1"]
[SourceVersionDate "2021.10.06"]
[SourceQuality "1"]

1. e4 Nc6 2. d4 d5 3. e5 e6 4. Bb5 Bd7 5. Bxc6 Bxc6 6. c3 Qd7 7. a4 g6 8. Ne2 Bg7 9. 0-0 Ne7 10. b4 b6 11. Qb3 Nf5 12. Ba3 Bxa4 13. Qa2 Bb5 14. Re1 0-0 15. Nf4 Rfe8 16. Nd2 Bf8 17. Nf3 a5 18. bxa5 Rxa5 19. Qb2 Bh6 20. Nh3 Rea8 21. Bb4 Rxa1 22. Rxa1 Rxa1+ 23. Qxa1 Be2 24. Qa8+ 1-0

[Event "Winnipeg Oliver Memorial active"]
[Site "Winnipeg"]
[Date "2011.01.23"]
[Round "1"]
[White "Klusa, Lawrence"]
[Black "Lipic, Stephen"]
[Result "0-1"]
[WhiteElo "1354"]
[BlackElo "1870"]
[PlyCount "66"]
[EventDate "2011.01.23"]
[EventType "swiss"]
[EventRounds "5"]
[EventCountry "CAN"]
[SourceTitle "EXT 2022"]
[Source "ChessBase"]
[SourceDate "2021.10.06"]
[SourceVersion "1"]
[SourceVersionDate "2021.10.06"]
[SourceQuality "1"]

1. d4 d5 2. Bg5 c5 3. Nf3 Nc6 4. c3 Qb6 5. b3 f6 6. Be3 e5 7. dxc5 Bxc5 8. Bxc5 Qxc5 9. b4 Qd6 10. a3 Be6 11. e3 Nge7 12. Bb5 0-0 13. 0-0 Rad8 14. Re1 Bf7 15. Nbd2 d4 16. Ne4 Qd5 17. Bxc6 Nxc6 18. Nc5 b6 19. Na4 d3 20. Nb2 e4 21. Nd2 b5 22. Qg4 f5 23. Qf4 Ne5 24. a4 a6 25. axb5 axb5 26. Ra5 Ng6 27. Qg5 Ra8 28. c4 Qe5 29. Rxb5 Qxb2 30. Rd1 Ra1 31. Qh5 Rfa8 32. h3 Rxd1+ 33. Nf1 Rxf1+ 0-1

[Event "Winnipeg Oliver Memorial active"]
[Site "Winnipeg"]
[Date "2011.01.23"]
[Round "4"]
[White "Lipic, Stephen"]
[Black "Nikouline, Alexandre"]
[Result "0-1"]
[WhiteElo "1870"]
[BlackElo "2056"]
[PlyCount "80"]
[EventDate "2011.01.23"]
[EventType "swiss"]
[EventRounds "5"]
[EventCountry "CAN"]
[SourceTitle "EXT 2022"]
[Source "ChessBase"]
[SourceDate "2021.10.06"]
[SourceVersion "1"]
[SourceVersionDate "2021.10.06"]
[SourceQuality "1"]

1. e4 e6 2. d3 d5 3. Nd2 c5 4. Ngf3 Nc6 5. g3 Nf6 6. Bg2 Be7 7. 0-0 0-0 8. Re1 d4 9. h3 e5 10. Nc4 Bd6 11. a4 Be6 12. Nxd6 Qxd6 13. Nh4 Nd7 14. f4 f5 15. exf5 Bxf5 16. fxe5 Ndxe5 17. Bf4 Qf6 18. Qh5 Ng6 19. Bd5+ Kh8 20. Qxf5 Qxf5 21. Nxf5 Nxf4 22. Bxc6 Nxh3+ 23. Kg2 bxc6 24. Nxg7 Rf2+ 25. Kxh3 Kxg7 26. Re7+ Kg6 27. Rc1 Raf8 28. c3 Rxb2 29. cxd4 Rff2 30. Rxc5 Rh2+ 31. Kg4 h5+ 32. Kf4 Rhf2+ 33. Ke5 Rf6 34. d5 Re2+ 35. Kd4 Rxe7 36. dxc6 Rd6+ 37. Kc4 Rc7 38. Kb5 Rxd3 39. Ka6 Rb3 40. a5 Rxg3 0-1

[Event "Winnipeg Oliver Memorial active"]
[Site "Winnipeg"]
[Date "2011.01.23"]
[Round "2"]
[White "Lipic, Stephen"]
[Black "Zaczek, Jonathon"]
[Result "0-1"]
[WhiteElo "1870"]
[BlackElo "2185"]
[PlyCount "75"]
[EventDate "2011.01.23"]
[EventType "swiss"]
[EventRounds "5"]
[EventCountry "CAN"]
[SourceTitle "EXT 2022"]
[Source "ChessBase"]
[SourceDate "2021.10.06"]
[SourceVersion "1"]
[SourceVersionDate "2021.10.06"]
[SourceQuality "1"]

1. e4 c5 2. c4 Nc6 3. Nc3 g6 4. Nf3 Bg7 5. Be2 e6 6. 0-0 Nge7 7. d3 d6 8. Be3 Nd4 9. Bxd4 cxd4 10. Na4 0-0 11. b4 e5 12. Nd2 f5 13. c5 d5 14. f3 Kh8 15. a3 Bh6 16. Kh1 Bd7 17. Nb2 a5 18. Nb3 axb4 19. axb4 Bb5 20. Re1 Qd7 21. exd5 Nxd5 22. Nc4 Bxc4 23. dxc4 Nxb4 24. Bd3 Be3 25. Bf1 Qe7 26. f4 Rxa1 27. Nxa1 Bxf4 28. Qxd4 Qh4 29. Qg1 Qxe1 30. Nb3 Be3 31. c6 bxc6 32. c5 Bxg1 33. Kxg1 Qe3+ 34. Kh1 Qf2 35. h3 Qxf1+ 36. Kh2 Qf4+ 37. g3 Qf2+ 38. Kh1 0-1

[Event "Winnipeg Futurity 3"]
[Site "Winnipeg"]
[Date "2010.06.29"]
[Round "5.5"]
[White "Raihman, Igal"]
[Black "Lipic, Stephen"]
[Result "1-0"]
[WhiteElo "2022"]
[BlackElo "1863"]
[PlyCount "121"]
[EventDate "2010.06.01"]
[EventType "tourn"]
[EventRounds "5"]
[EventCountry "CAN"]
[SourceTitle "EXT 2022"]
[Source "ChessBase"]
[SourceDate "2021.10.06"]
[SourceVersion "1"]
[SourceVersionDate "2021.10.06"]
[SourceQuality "1"]

1. b3 d5 2. Bb2 c6 3. e3 Nf6 4. Nf3 Bg4 5. Be2 Nbd7 6. 0-0 e6 7. c4 Bd6 8. d4 Ne4 9. Nbd2 f5 10. Rc1 0-0 11. Rc2 Qe8 12. Ne5 Bxe2 13. Qxe2 Bxe5 14. dxe5 g5 15. f3 Nxd2 16. Rxd2 Qg6 17. Rfd1 Nb6 18. Bd4 Nc8 19. Bc5 Rf7 20. b4 b6 21. Bd4 Ne7 22. a4 g4 23. f4 Nc8 24. Rc2 Rb7 25. cxd5 cxd5 26. Rdc1 Qe8 27. Rc6 Qd7 28. Qa6 Kf7 29. a5 Rab8 30. Qd3 Ne7 31. Rd6 Qe8 32. axb6 axb6 33. b5 Nc8 34. Rcc6 Nxd6 35. exd6 Qd8 36. Qc3 Rd7 37. Rc7 Rb7 38. Rc8 Qh4 39. Bg7 Kg6 40. g3 d4 41. Qxd4 Rxd6 42. Qxd6 Qe7 43. Qxe7 Rxe7 44. Bd4 Kh5 45. Bxb6 Rb7 46. Rc6 h6 47. Kf1 Rd7 48. Bd4 Rd5 49. Rc5 Rd6 50. Re5 Rd7 51. b6 Rd8 52. Ra5 Rb8 53. Ra7 Kg6 54. b7 Kh5 55. Be5 Rg8 56. b8Q Rg6 57. Qd8 Rf6 58. Ke2 Kg6 59. Qxf6+ Kh5 60. Qh4+ Kg6 61. Rg7# 1-0

[Event "Winnipeg Futurity 3"]
[Site "Winnipeg"]
[Date "2010.06.22"]
[Round "4.5"]
[White "Lipic, Stephen"]
[Black "Kaptsan, Aron"]
[Result "0-1"]
[WhiteElo "1863"]
[BlackElo "1997"]
[PlyCount "42"]
[EventDate "2010.06.01"]
[EventType "tourn"]
[EventRounds "5"]
[EventCountry "CAN"]
[SourceTitle "EXT 2022"]
[Source "ChessBase"]
[SourceDate "2021.10.06"]
[SourceVersion "1"]
[SourceVersionDate "2021.10.06"]
[SourceQuality "1"]

1. f4 c5 2. Nf3 Nf6 3. d3 d5 4. c3 Nc6 5. Qc2 Bg4 6. Nbd2 Qc7 7. h3 Bxf3 8. Nxf3 e5 9. fxe5 Nxe5 10. Nxe5 Qxe5 11. Qa4+ Nd7 12. Bf4 Qf6 13. 0-0-0 b5 14. Qxb5 Qxf4+ 15. Kb1 Qc7 16. e4 Rb8 17. Qa4 Bd6 18. d4 0-0 19. dxc5 Nxc5 20. Qd4 Nxe4 21. c4 Be5 0-1

[Event "Winnipeg Boxer Memorial"]
[Site "Winnipeg"]
[Date "2010.05.15"]
[Round "3"]
[White "Boron, Anthony"]
[Black "Lipic, Stephen"]
[Result "0-1"]
[WhiteElo "2009"]
[BlackElo "1832"]
[PlyCount "48"]
[EventDate "2010.05.14"]
[EventType "swiss"]
[EventRounds "5"]
[EventCountry "CAN"]
[SourceTitle "EXT 2022"]
[Source "ChessBase"]
[SourceDate "2021.10.06"]
[SourceVersion "1"]
[SourceVersionDate "2021.10.06"]
[SourceQuality "1"]

1. Nf3 d5 2. d4 c6 3. c4 e6 4. Nc3 f5 5. e3 Nf6 6. Be2 Bd6 7. 0-0 Nbd7 8. b3 0-0 9. Bb2 Qe8 10. cxd5 exd5 11. Qc2 Ne4 12. a3 Ndf6 13. b4 g5 14. b5 g4 15. Nxe4 fxe4 16. Ne5 cxb5 17. Qb3 a6 18. Rac1 Be6 19. Qd1 Qh5 20. h3 Qg5 21. Bxg4 Nxg4 22. Nxg4 h5 23. f4 exf3 24. gxf3 hxg4 0-1

[Event "Winnipeg TNT March op"]
[Site "Winnipeg"]
[Date "2010.03.16"]
[Round "3"]
[White "Einarsson, Ken"]
[Black "Lipic, Stephen"]
[Result "0-1"]
[WhiteElo "1782"]
[BlackElo "1816"]
[PlyCount "63"]
[EventDate "2010.03.02"]
[EventType "swiss"]
[EventRounds "4"]
[EventCountry "CAN"]
[SourceTitle "EXT 2022"]
[Source "ChessBase"]
[SourceDate "2021.10.06"]
[SourceVersion "1"]
[SourceVersionDate "2021.10.06"]
[SourceQuality "1"]

1. d4 g6 2. c4 Bg7 3. e4 c5 4. d5 e5 5. Nf3 d6 6. Nc3 Bg4 7. h3 Bxf3 8. Qxf3 Nd7 9. Nb5 Ndf6 10. Be2 a6 11. Nc3 h5 12. 0-0 h4 13. Bg5 Bh6 14. Bxh4 Bd2 15. Bxf6 Nxf6 16. Nd1 Nh5 17. g3 Qg5 18. Qg2 0-0-0 19. Ne3 Bxe3 20. fxe3 Qxe3+ 21. Kh2 Nxg3 22. Rf3 Qxe2 23. Rxg3 Qxc4 24. b3 Qd4 25. Rf1 Rh7 26. Rf6 Kc7 27. Qf3 Rd7 28. Qe2 Rh4 29. Re3 Rf4 30. Rxf4 exf4 31. Rd3 Qe5 32. Qf3 0-1

[Event "Winnipeg TNT March op"]
[Site "Winnipeg"]
[Date "2010.03.02"]
[Round "1"]
[White "Lipic, Stephen"]
[Black "Trueman, Francis"]
[Result "1-0"]
[WhiteElo "1816"]
[BlackElo "1508"]
[PlyCount "33"]
[EventDate "2010.03.02"]
[EventType "swiss"]
[EventRounds "4"]
[EventCountry "CAN"]
[SourceTitle "EXT 2022"]
[Source "ChessBase"]
[SourceDate "2021.10.06"]
[SourceVersion "1"]
[SourceVersionDate "2021.10.06"]
[SourceQuality "1"]

1. e4 e5 2. Nf3 Nc6 3. d4 g6 4. d5 Nd4 5. Nxd4 exd4 6. Qxd4 f6 7. Bd3 Qe7 8. 0-0 Bg7 9. f4 Nh6 10. Nc3 d6 11. f5 g5 12. Bxg5 Nxf5 13. exf5 0-0 14. Bh4 Kh8 15. Rae1 Qf7 16. Ne2 Bh6 17. Nf4 1-0

[Event "Winnipeg TNT February op"]
[Site "Winnipeg"]
[Date "2010.02.16"]
[Round "3"]
[White "Lipic, Stephen"]
[Black "Mousseau, Chuck"]
[Result "1/2-1/2"]
[WhiteElo "1825"]
[BlackElo "1827"]
[PlyCount "69"]
[EventDate "2010.02.02"]
[EventType "swiss"]
[EventRounds "4"]
[EventCountry "CAN"]
[SourceTitle "EXT 2011"]
[Source "ChessBase"]
[SourceDate "2010.11.26"]
[SourceVersion "1"]
[SourceVersionDate "2010.11.26"]
[SourceQuality "1"]

1. f4 d5 2. Nf3 Bg4 3. e3 Nc6 4. h3 Bxf3 5. Qxf3 e5 6. Nc3 e4 7. Qf2 Bb4 8. Bb5 Nge7 9. Ne2 Qd6 10. Nd4 0-0-0 11. Nxc6 Nxc6 12. a3 Bc5 13. b4 Bb6 14. c3 d4 15. Bxc6 dxe3 16. Bxb7+ Kxb7 17. Qe2 exd2+ 18. Bxd2 e3 19. Bc1 Qxf4 20. Qf3+ Qxf3 21. gxf3 Rd3 22. c4 Rhd8 23. Ke2 c5 24. Bxe3 cxb4 25. c5 Rxe3+ 26. Kxe3 Bxc5+ 27. Ke4 Rd4+ 28. Ke5 f6+ 29. Ke6 bxa3 30. Rhd1 Rh4 31. Rd5 Kb6 32. Rxc5 Kxc5 33. Rxa3 Rxh3 34. Rxa7 Rxf3 35. Rxg7 1/2-1/2

[Event "Winnipeg TNT January op"]
[Site "Winnipeg"]
[Date "2010.01.12"]
[Round "3"]
[White "Lipic, Stephen"]
[Black "Lipnowski, Samuel"]
[Result "0-1"]
[WhiteElo "1799"]
[BlackElo "2254"]
[PlyCount "85"]
[EventDate "2010.01.05"]
[EventType "swiss"]
[EventRounds "4"]
[EventCountry "CAN"]
[SourceTitle "EXT 2011"]
[Source "ChessBase"]
[SourceDate "2010.11.26"]
[SourceVersion "1"]
[SourceVersionDate "2010.11.26"]
[SourceQuality "1"]

1. e4 c5 2. Nf3 d6 3. g3 Nf6 4. d3 g6 5. Bg2 Bg7 6. 0-0 0-0 7. c3 Nc6 8. Nh4 Bg4 9. Qc2 Rc8 10. h3 Bd7 11. f4 b5 12. Nd2 b4 13. Ndf3 a5 14. f5 Ne5 15. Nxe5 dxe5 16. Bg5 h6 17. Be3 g5 18. Nf3 Nh5 19. Qf2 Qc7 20. Nh2 a4 21. Bf3 Nf6 22. h4 gxh4 23. g4 a3 24. b3 bxc3 25. Rac1 Qd6 26. Rxc3 Bb5 27. Be2 Nd7 28. Rfc1 Rfd8 29. b4 Qa6 30. bxc5 Nf6 31. g5 hxg5 32. Bxg5 Bxd3 33. Bxd3 Rxd3 34. Bxf6 Rxc3 35. Rxc3 Qxf6 36. Nf3 Qa6 37. Qf1 Qh6 38. Qc1 Qxc1+ 39. Rxc1 Bh6 40. Rc3 Rxc5 41. Rxc5 Be3+ 42. Kh2 Bxc5 43. Nxe5 0-1

[Event "Winnipeg Thank Gibbons"]
[Site "Winnipeg"]
[Date "2009.11.29"]
[Round "4"]
[White "Swift, Ryne"]
[Black "Lipic, Stephen"]
[Result "1-0"]
[WhiteElo "1807"]
[BlackElo "1710"]
[PlyCount "115"]
[EventDate "2009.11.28"]
[EventType "swiss"]
[EventRounds "5"]
[EventCountry "CAN"]
[SourceTitle "EXT 2011"]
[Source "ChessBase"]
[SourceDate "2010.11.26"]
[SourceVersion "1"]
[SourceVersionDate "2010.11.26"]
[SourceQuality "1"]

1. e4 c6 2. d4 d5 3. Nc3 dxe4 4. Nxe4 Nf6 5. Nxf6+ gxf6 6. Nf3 Bg4 7. Be2 e6 8. 0-0 Nd7 9. h3 Bh5 10. c3 Qc7 11. Bd2 0-0-0 12. b4 e5 13. dxe5 fxe5 14. Re1 f6 15. a4 e4 16. Nd4 Bf7 17. Bg4 Kb8 18. Rxe4 Ne5 19. Qc1 h5 20. Bf5 Bd5 21. Re3 h4 22. Ne6 Bxe6 23. Bxe6 Qd6 24. Re2 Qxe6 25. f4 Qc4 26. Re3 Qxf4 27. Rd3 Nf3+ 28. Rxf3 Qxd2 29. Qxd2 Rxd2 30. Rxf6 Bg7 31. Rf3 Rg8 32. Raf1 Bd4+ 33. Kh1 Rgxg2 34. Rf8+ Kc7 35. R1f7+ Kb6 36. cxd4 Rh2+ 37. Kg1 Rxh3 38. Rb8 Rd1+ 39. Kg2 Rg3+ 40. Kf2 Rf3+ 41. Rxf3 Kc7 42. Rbf8 Rxd4 43. R3f7+ Rd7 44. Rxd7+ Kxd7 45. Rh8 c5 46. Rxh4 cxb4 47. Rxb4 Kc6 48. Ke3 b6 49. Kd4 Kb7 50. a5 Ka6 51. axb6 axb6 52. Kc4 Ka5 53. Rb2 Ka6 54. Ra2+ Kb7 55. Kb5 Kb8 56. Kxb6 Kc8 57. Rd2 Kb8 58. Rd8# 1-0

[Event "Yanofsky Memorial op"]
[Site "Winnipeg"]
[Date "2009.09.06"]
[Round "4"]
[White "Lipic, Stephen"]
[Black "Einarsson, Ken"]
[Result "1-0"]
[WhiteElo "1718"]
[BlackElo "1800"]
[PlyCount "51"]
[EventDate "2009.09.04"]
[EventType "swiss"]
[EventRounds "5"]
[EventCountry "CAN"]
[SourceTitle "EXT 2011"]
[Source "ChessBase"]
[SourceDate "2010.11.26"]
[SourceVersion "1"]
[SourceVersionDate "2010.11.26"]
[SourceQuality "1"]

1. f4 d5 2. Nf3 c5 3. e3 Nf6 4. d4 cxd4 5. exd4 Bg4 6. c3 e6 7. Bd3 Ne4 8. 0-0 Be7 9. Qe1 f5 10. Bb5+ Nd7 11. Ne5 Bh5 12. Bxd7+ Kf8 13. Bxe6 g6 14. g4 Bh4 15. Qe2 fxg4 16. Bxg4 Bxg4 17. Qxg4 Qe7 18. Nd2 Nd6 19. Ndf3 Bf6 20. Bd2 Nf5 21. Rae1 Qg7 22. Ng5 Re8 23. Nd3 Bxd4+ 24. Kh1 Ne3 25. Bxe3 Bxe3 26. Ne6+ 1-0

[Event "Yanofsky Memorial op"]
[Site "Winnipeg"]
[Date "2009.09.04"]
[Round "1"]
[White "Lipic, Stephen"]
[Black "Oberton, Daniel"]
[Result "0-1"]
[WhiteElo "1718"]
[BlackElo "2020"]
[PlyCount "78"]
[EventDate "2009.09.04"]
[EventType "swiss"]
[EventRounds "5"]
[EventCountry "CAN"]
[SourceTitle "EXT 2011"]
[Source "ChessBase"]
[SourceDate "2010.11.26"]
[SourceVersion "1"]
[SourceVersionDate "2010.11.26"]
[SourceQuality "1"]

1. f4 c5 2. e4 d6 3. Nc3 Nf6 4. Bb5+ Bd7 5. Bxd7+ Qxd7 6. Nf3 Nc6 7. 0-0 g6 8. d3 Bg7 9. Ne2 a6 10. c3 0-0 11. Ng3 b5 12. a4 b4 13. h3 bxc3 14. bxc3 Rab8 15. Ra2 Rb7 16. Rb2 Rfb8 17. Rff2 Ne8 18. d4 cxd4 19. cxd4 Rb4 20. Rxb4 Rxb4 21. Be3 Na5 22. Ra2 Nc4 23. Bf2 Qb7 24. Kh2 Nf6 25. e5 Nd5 26. Qc1 Nb2 27. Be3 Nxe3 28. Qxe3 dxe5 29. dxe5 Rxa4 30. Rxa4 Nxa4 31. Qa3 Nb6 32. Qb3 h6 33. f5 g5 34. Nh5 Qc7 35. Nxg7 Kxg7 36. g3 Nd7 37. e6 Nc5 38. Qc3+ f6 39. h4 Qxg3+ 0-1